Culture Générale - Clic Quiz - La réponse est en image #3 - Statistiques

Statistiques générales
  • Ce quiz a été pris 936 fois
    129 depuis la dernière actualisation
  • Le résultat moyen est 23 sur 40
Statistiques - réponses
Hint Réponse % Correct
Voie sans issue
85%
Juju Fitcats
82%
Passer son tour au Uno
81%
Le sushi
81%
Hillary Clinton
80%
La Casa de Papel
80%
la Juventus Turin
78%
L'Autruche
78%
Le surimi
78%
Robespierre
77%
Le napolitain
77%
Niska
73%
Le XV d'Australie
71%
Fidji
71%
L'aigle royal
69%
Breaking Bad
69%
Diana Spencer
66%
Kirghizistan
65%
Les Dallas Cowboys
63%
Le vautour fauve
61%
Mediapart
60%
Saint-Vincent-et-les-Grenadines
60%
Jannik Sinner
59%
Voies réservées aux véhicules pratiquant le covoiturage, aux taxis, et aux transports en commun
58%
Sophia Bush
55%
Marc Dorcel
51%
Loft Story
51%
Dominique
49%
Le condor de Californie
47%
Didier Morville
47%
Ronnie O Sullivan
44%
Élie Yaffa
44%
Daniel Hamidou
40%
Les Saints de La Nouvelle-Orléans
40%
L'Excuse
38%
Le Florentin
36%
Les Contes de la crypte
26%
Fdesouche
19%
V
11%
La Fayette
11%
Aucun quiz correspondant
Distribution des résultats
% des personnes avec chaque résultat
Percentile par nombre de réponses
Votre historique - résultats
Vous n’avez pas pris ce quiz depuis la dernière actualisation